000 00846nam a2200229 a 4500
999 _c11946
_d11946
001 11946
003 BD-JhCC
005 20210222104222.0
008 210220b2020 bg |||| ||a| 000 0 Ben d
020 _a9848261923
035 _a(BD-JhCC)11946
040 _aBD-JhCC
_dBD-JhCC
041 _aBen
082 _bSHA 2020
_a954.9205
100 _aহক খান,শহীদুল
245 _aহাজার জনতার দৃষ্টিতে হাজার বছরের শ্রেষ্ঠ বাঙালি/
_bশহীদুল হক খান
260 _aবাংলাদেশ:
_bদি স্কাই পাবলিশার্স, ঢাকা;
_c২০২০.
300 _a236 . :
_c21 CM.
650 _aবাংলাদেশের মুক্তিযুদ্ধ
942 _2ddc
_cBK